00492nam a2200145 i 4500001000300000245009400003260002100097040000800118041000800126942000700134008004100141999001700182856009800199952004900297bg 0aStruktura i własności materiałów dla jądrowych reaktorów wysokotemperaturowych. aWrocław,c1990. cBPK apol cKS s pl f |000 0 pol  c29261d29261 uhttp://koha.tu.koszalin.pl/cgi-bin/koha/opac-detail.pl?biblionumber=29261yKatalog online BPK 00104070aBPKbBPKcwo35358p01595154yKS